000 00436nam a2200169Ia 4500
008 230524s9999 xx 000 0 und d
082 _a621.382
_bCHA
100 _aD.Chattopadhya
_96286
245 0 _aElectronics Fundamentals and Applications
250 _a1st
260 _aNEW DELHI
_bNew Age
_c2005
300 _aXII;613
500 _aQuantity Number: 69
650 _aElectronics
700 _a P.C.Rakshit
_96287
942 _cBK
999 _c10077
_d10077